000
00316nam a22001457a 4500
020
_a
0552133566
082
_a
813.54
100
_a
Betty Mahmoody
245
_a
Not Without My Daughter
260
_a
London
_b
Corgi Books
300
_a
423p.
_e
18cm.
650
_a
Fiction
700
_a
Mahmoody, Betty
942
_c
BK
999
_c
12286
_d
12286